| 000 | 00463nam a22001937a 4500 | ||
|---|---|---|---|
| 003 | MPLRDC | ||
| 005 | 20220104145805.0 | ||
| 008 | 210129b ||||| |||| 00| 0 eng d | ||
| 020 | _a957-659-444-8 | ||
| 082 | _a494 WJH | ||
| 100 | _a吴建宏 | ||
| 245 |
_a突破经营 _c |
||
| 250 | _a初版 | ||
| 260 |
_a台湾 _b宇河文化出版有限公司 _c2004 |
||
| 300 | _b280 | ||
| 490 | _a知识精英. 02 | ||
| 650 | _a企业管理 | ||
| 942 |
_cBK _o494 WJH |
||
| 999 |
_c51520 _d51510 |
||